2019 en chansons - Statistiques

Statistiques générales
  • Ce quiz a été pris 2 786 fois
  • Le résultat moyen est 16 sur 50
Statistiques - réponses
Interprètes Chanson % Correct
Angèle Balance ton quoi
99%
Aya Nakamura Pookie
87%
Vitaa & Slimane Ca va, ça vient
73%
Billie Eilish Bad guy
71%
Soprano Coach
66%
Lil Nas X Old town road
63%
Shawn Mendes & Camila Cabello Señorita
60%
M Pokora Les planètes
56%
Ava Max Sweet but psycho
55%
Bilal Hassani Roi
51%
Lewis Capaldi Someone you loved
49%
Sia Unstoppable
49%
Dadju Compliqué
48%
Dean Lewis Be alright
46%
Boulevard des Airs & Vianney Allez reste
45%
Nekfeu & Vanessa Paradis Dans l'univers
43%
Claudio Capéo & Kendji Girac Que dieu me pardonne
42%
Lady Gaga Always remember us this way
42%
Dj Snake, J.Balvin & Tyga Loco contigo
41%
Maître Gims Miami vice
40%
Mark Ronson & Miley Cyrus Nothing breaks like a heart
39%
Ed Sheeran & Justin Bieber I don't care
37%
Maëlle Toutes les machines ont un coeur
30%
Daddy Yankee & Snow Con calma
28%
Imagine Dragons Birds
27%
Panic! at the disco High hopes
27%
Roméo Elvis Soleil
27%
Jonas Brothers Sucker
26%
Clara Luciani Nue
25%
Bon Entendeur vs Isabelle Pierre Le temps est bon
24%
Mabel Don't call me up
21%
Amir 5 minutes avec toi
20%
Calvin Harris & Rag'n'Bone Man Giant
17%
Lizzo Juice
17%
Tones & I Dance monkey
16%
Pink Can we pretend
15%
Les Frangines Donnez-moi
13%
Bigflo & Oli Plus tard
10%
Coldplay Orphans
9%
Jérémy Frerot Tu donnes
9%
Pedro Capó Calma
8%
Dermot Kennedy Power over me
7%
Lauren Daigle You say
6%
Matthieu Chédid Grand petit con
6%
Redbone Come and get your love
6%
The Faim Summer is a curse
5%
Alec Benjamin Let me down slowly
4%
Robin Schulz Speachless
4%
Silvàn Areg Allez leur dire
4%
The Avener Beautiful
1%
Aucun quiz correspondant
Distribution des résultats
% des personnes avec chaque résultat
Percentile par nombre de réponses
Votre historique - résultats
Vous n’avez pas pris ce quiz